003780000a2200097000450024500950000004100140009570000210010970000350013010000240016577300910018910aOcho nuevos registros para la fauna ictica de las Islas del Rosario (Mar Caribe colombiano0 aEspañol1 aSolano, Oscar D.1 aRodríguez Ramírez, Alberto1 aMejía, Luz Stella1 tAnales del Instituto de Investigaciones Marinas de Punta de Betính23q189-192d1994